| 000 | 00348nam a2200145Ia 4500 | ||
|---|---|---|---|
| 008 | 191201s2003 xx 000 0 und d | ||
| 082 |
_a620.119 _bSEA |
||
| 100 | _aSEATON, Anne | ||
| 245 | 3 | _aAn Active Learning Dictionary | |
| 250 | _a1st | ||
| 260 |
_aN.Delhi _bLearners Pub _c2003 |
||
| 300 | _a482 | ||
| 650 | _aGeneral Books | ||
| 942 |
_2ddc _cBK |
||
| 999 |
_c2133 _d2133 |
||